[Event "Doeberl Cup 49th"]
[Site "Canberra"]
[Date "2011.04.22"]
[Round "4"]
[White "Zulfic, Fedja"]
[Black "Oliver, Shannon"]
[Result "1/2-1/2"]
[WhiteElo "2057"]
[BlackElo "1925"]
[PlyCount "39"]
[EventDate "2011.04.21"]
[EventType "swiss"]
[EventRounds "9"]
[EventCountry "AUS"]
[SourceTitle "CBM 141 Extra"]
[Source "ChessBase"]
[SourceDate "2011.05.03"]
[SourceVersion "1"]
[SourceVersionDate "2011.05.03"]
[SourceQuality "1"]

1. d4 Nf6 2. c4 g6 3. Nc3 Bg7 4. e4 d6 5. Nf3 0-0 6. Be2 e5 7. 0-0 exd4 8. Nxd4 Nbd7 9. f3 Nc5 10. Be3 Ne6 11. Nc2 Bd7 12. Qd2 Nh5 13. Rad1 Qh4 14. Nd5 Bc6 15. Bf2 Qd8 16. Nce3 Nhf4 17. Nxf4 Nxf4 18. Nd5 Nxe2+ 19. Qxe2 Bxd5 20. Rxd5 1/2-1/2

[Event "BCF-chT1b 1011 (4NCL)"]
[Site "England"]
[Date "2011.01.15"]
[Round "3.16"]
[White "Grigoryan, Meri"]
[Black "Oliver, Shannon"]
[Result "1-0"]
[WhiteElo "2064"]
[BlackElo "1926"]
[PlyCount "83"]
[EventDate "2010.11.06"]
[EventType "team-tourn"]
[EventRounds "7"]
[EventCountry "ENG"]
[SourceTitle "EXT 2012"]
[Source "ChessBase"]
[SourceDate "2011.11.24"]
[SourceVersion "1"]
[SourceVersionDate "2011.11.24"]
[SourceQuality "1"]
[WhiteTeam "Guildford"]
[BlackTeam "Sambuca Sharks"]
[WhiteTeamCountry "ENG"]
[BlackTeamCountry "ENG"]

1. d4 d5 2. c4 e6 3. Nc3 Nf6 4. Bg5 Be7 5. e3 0-0 6. Nf3 h6 7. Bh4 c6 8. Rc1 Nbd7 9. cxd5 exd5 10. Bd3 Nb6 11. Ne5 Be6 12. Bb1 Nbd7 13. Qd3 Re8 14. 0-0 Nf8 15. f4 Rc8 16. Rf3 Rc7 17. h3 Nh5 18. Be1 Bh4 19. g3 Be7 20. g4 Nf6 21. Bg3 Bd6 22. Rcf1 Bxe5 23. dxe5 N6h7 24. f5 Bc8 25. h4 b6 26. b4 Rb7 27. b5 cxb5 28. Nxd5 Rd7 29. Rd1 Bb7 30. e4 Bc6 31. a3 Qa8 32. Ba2 Qb7 33. Qf1 Kh8 34. Rfd3 Red8 35. Qf4 Qa8 36. g5 hxg5 37. hxg5 g6 38. e6 fxe6 39. Qe5+ Kg8 40. fxe6 Rb7 41. e7 Rxe7 42. Nxe7# 1-0

[Event "Queenstown op"]
[Site "Queenstown"]
[Date "2009.01.22"]
[Round "8"]
[White "Markovitz, Neil"]
[Black "Oliver, Shannon"]
[Result "1/2-1/2"]
[WhiteElo "2015"]
[BlackElo "1937"]
[PlyCount "72"]
[EventDate "2009.01.15"]
[EventType "swiss"]
[EventRounds "10"]
[EventCountry "NZL"]
[SourceTitle "CBM 128 Extra"]
[Source "ChessBase"]
[SourceDate "2009.03.05"]
[SourceVersion "2"]
[SourceVersionDate "2009.03.25"]
[SourceQuality "1"]

1. Nf3 Nf6 2. c4 g6 3. g3 Bg7 4. Nc3 0-0 5. Bg2 d6 6. 0-0 e5 7. d3 Nc6 8. Rb1 Ne8 9. Bg5 f6 10. Bd2 f5 11. b4 f4 12. b5 Ne7 13. Qb3 Kh8 14. Nd5 Nxd5 15. cxd5 g5 16. Ba5 Bf6 17. Qc4 Rf7 18. Nd2 h5 19. Bc3 h4 20. d4 Qe7 21. Ne4 Rh7 22. h3 hxg3 23. fxg3 Bxh3 24. Bxh3 Rxh3 25. Kg2 Rh7 26. dxe5 Bxe5 27. Rh1 fxg3 28. Rxh7+ Kxh7 29. Rh1+ Kg7 30. Nxg3 Qf7 31. Qe4 Nf6 32. Bxe5 dxe5 33. Nf5+ Kg8 34. Nh6+ Kg7 35. Nf5+ Kg8 36. Nh6+ Kg7 1/2-1/2

[Event "Queenstown op"]
[Site "Queenstown"]
[Date "2009.01.17"]
[Round "3"]
[White "Lauterbach, Ingrid"]
[Black "Oliver, Shannon"]
[Result "1-0"]
[WhiteElo "2154"]
[BlackElo "1937"]
[PlyCount "75"]
[EventDate "2009.01.15"]
[EventType "swiss"]
[EventRounds "10"]
[EventCountry "NZL"]
[SourceTitle "CBM 128 Extra"]
[Source "ChessBase"]
[SourceDate "2009.03.05"]
[SourceVersion "2"]
[SourceVersionDate "2009.03.25"]
[SourceQuality "1"]

1. e4 c5 2. f4 Nc6 3. Nf3 g6 4. c3 d5 5. e5 Bg7 6. d4 c4 7. b3 cxb3 8. axb3 f6 9. Be2 Nh6 10. 0-0 0-0 11. Kh1 b6 12. c4 Be6 13. Nc3 Kh8 14. cxd5 Bxd5 15. Nxd5 Qxd5 16. Bc4 Qd7 17. Ba3 fxe5 18. d5 Na5 19. fxe5 Nxc4 20. bxc4 Rae8 21. e6 Qc8 22. Rc1 Nf5 23. Qe2 Qc7 24. Bb2 Nd6 25. Bxg7+ Kxg7 26. Ne5 Rxf1+ 27. Rxf1 Rf8 28. Rxf8 Kxf8 29. g4 Kg8 30. Qf2 Qb7 31. Qd4 Qc7 32. Qf4 Qb7 33. Nf7 Qa6 34. Nxd6 Qa1+ 35. Kg2 Qb2+ 36. Kh3 Qc3+ 37. Kh4 Qe1+ 38. Kg5 1-0

[Event "Olympiad Women-38"]
[Site "Dresden"]
[Date "2008.11.20"]
[Round "7"]
[White "Oliver, Shannon"]
[Black "Otazo Sanchez, Annyd Gabriela"]
[Result "0-1"]
[WhiteElo "1942"]
[BlackElo "1942"]
[PlyCount "64"]
[EventDate "2008.11.13"]
[EventType "team-swiss"]
[EventRounds "11"]
[EventCountry "GER"]
[SourceTitle "CBM 128"]
[Source "ChessBase"]
[SourceDate "2009.01.28"]
[SourceVersion "1"]
[SourceVersionDate "2009.01.28"]
[SourceQuality "1"]
[WhiteTeam "Australia (W)"]
[BlackTeam "Venezuela (W)"]
[WhiteTeamCountry "AUS"]
[BlackTeamCountry "VEN"]

1. e4 e5 2. Nf3 Nf6 3. d4 Nxe4 4. Bd3 d5 5. Nxe5 Nd7 6. Nxd7 Bxd7 7. 0-0 Bd6 8. Nc3 Nxc3 9. bxc3 0-0 10. Qh5 g6 11. Qxd5 Bc6 12. Qg5 Be7 13. Qg3 Bh4 14. Qg4 f5 15. Bc4+ Kh8 16. Qf4 Bf6 17. Bd2 Rc8 18. Rfe1 Bd5 19. Bb3 c5 20. dxc5 Rxc5 21. Rad1 Bxb3 22. cxb3 Rd5 23. Re2 Bg5 24. Qb4 a5 25. Qa3 Kg8 26. Qc1 Qd6 27. g3 Rd8 28. f4 Bf6 29. Qc2 Qc5+ 30. Kg2 Qc6 31. Kf2 Bd4+ 32. Kf1 R5d6 0-1

[Event "Adelaide Checkmate op"]
[Site "Adelaide"]
[Date "2008.07.07"]
[Round "5"]
[White "Oliver, Shannon"]
[Black "Freytag, Justin"]
[Result "1/2-1/2"]
[WhiteElo "1799"]
[BlackElo "2073"]
[PlyCount "46"]
[EventDate "2008.07.05"]
[EventType "swiss"]
[EventRounds "7"]
[EventCountry "AUS"]
[SourceTitle "EXT 2023"]
[Source "ChessBase"]
[SourceDate "2022.10.05"]
[SourceVersion "1"]
[SourceVersionDate "2022.10.05"]
[SourceQuality "1"]

1. e4 c5 2. Nf3 Nc6 3. d4 cxd4 4. Nxd4 Nf6 5. Nc3 e6 6. Bc4 Qc7 7. a3 a6 8. Bb3 b5 9. Be3 Bb7 10. f3 Be7 11. 0-0 0-0 12. Nxc6 dxc6 13. Qe2 c5 14. Rad1 Rfd8 15. Rxd8+ Rxd8 16. Rd1 h6 17. Rxd8+ Bxd8 18. Qd2 c4 19. Ba2 Be7 20. Ne2 Nd7 21. Ng3 Bd6 22. Bf2 Nc5 23. b4 Nd7 1/2-1/2

[Event "Adelaide Checkmate op"]
[Site "Adelaide"]
[Date "2008.07.06"]
[Round "7"]
[White "Oliver, Shannon"]
[Black "Christensen, Joshua"]
[Result "1/2-1/2"]
[WhiteElo "1799"]
[BlackElo "1624"]
[PlyCount "67"]
[EventDate "2008.07.05"]
[EventType "swiss"]
[EventRounds "7"]
[EventCountry "AUS"]
[SourceTitle "EXT 2023"]
[Source "ChessBase"]
[SourceDate "2022.10.05"]
[SourceVersion "1"]
[SourceVersionDate "2022.10.05"]
[SourceQuality "1"]

1. e4 d5 2. exd5 Qxd5 3. Nc3 Qa5 4. d4 c6 5. Nf3 Nf6 6. Bc4 Bg4 7. Bd2 Nbd7 8. Nd5 Qd8 9. Nxf6+ exf6 10. 0-0 Be7 11. Bd3 0-0 12. c3 Qc7 13. h3 Bh5 14. Be2 Rfe8 15. Nh4 Bxe2 16. Qxe2 g6 17. Qc4 Bd6 18. Nf3 Nb6 19. Qd3 Nd5 20. Rfe1 Nf4 21. Bxf4 Bxf4 22. Re4 Kf8 23. Rae1 Bh6 24. c4 Rxe4 25. Qxe4 Qd7 26. Kf1 Rd8 27. Qd3 Qd6 28. Re4 Bg7 29. Re1 f5 30. Rd1 h6 31. b3 Qf4 32. Qe3 Qd6 33. Qd3 Qf4 34. Qe3 1/2-1/2

[Event "Doeberl Cup 46th"]
[Site "Canberra"]
[Date "2008.03.20"]
[Round "1"]
[White "Oliver, Shannon"]
[Black "Dragicevic, Domagoj"]
[Result "0-1"]
[WhiteElo "1940"]
[BlackElo "2215"]
[PlyCount "74"]
[EventDate "2008.03.20"]
[EventType "swiss"]
[EventRounds "9"]
[EventCountry "AUS"]
[SourceTitle "CBM 123 Extra"]
[Source "ChessBase"]
[SourceDate "2008.05.06"]
[SourceVersion "1"]
[SourceVersionDate "2008.05.06"]
[SourceQuality "1"]

1. e4 d5 2. exd5 Qxd5 3. Nc3 Qd6 4. d4 Nf6 5. Nf3 a6 6. g3 Bg4 7. h3 Bh5 8. Bg2 Nc6 9. Bf4 Qb4 10. 0-0 0-0-0 11. a3 Qxb2 12. Na4 Bxf3 13. Qxf3 Qxd4 14. Nc3 e6 15. a4 Qc4 16. Rfb1 Bd6 17. Bxd6 Rxd6 18. Nb5 axb5 19. axb5 Nd8 20. Qa3 Nd5 21. Qa8+ Kd7 22. Qb8 Rb6 23. Bf1 Qc5 24. c4 Nc3 25. Rb3 Ne4 26. Rf3 f5 27. Rd1+ Rd6 28. Rxd6+ Nxd6 29. Rd3 Ke7 30. Qa8 N8f7 31. Qa2 Rd8 32. Re3 Ne4 33. Bd3 Rd4 34. Qe2 Nfd6 35. f3 Rxd3 36. Qxd3 Nxc4 37. fxe4 Qxe3+ 0-1

[Event "AUS-ch Major"]
[Site "Parramatta"]
[Date "2008.01.10"]
[Round "10"]
[White "Webster, David"]
[Black "Oliver, Shannon"]
[Result "1/2-1/2"]
[WhiteElo "1714"]
[BlackElo "1798"]
[PlyCount "79"]
[EventDate "2008.01.02"]
[EventType "swiss"]
[EventRounds "11"]
[EventCountry "AUS"]
[SourceTitle "EXT 2010"]
[Source "ChessBase"]
[SourceDate "2010.11.25"]
[SourceVersion "1"]
[SourceVersionDate "2010.11.25"]
[SourceQuality "1"]

1. e4 c5 2. Nf3 d6 3. d4 cxd4 4. Qxd4 Nc6 5. Bb5 Bd7 6. Bxc6 Bxc6 7. Nc3 Nf6 8. Bg5 e5 9. Qd3 Be7 10. 0-0-0 Ng4 11. Bxe7 Qxe7 12. Rhf1 Rd8 13. Qc4 0-0 14. h3 Nf6 15. Rd2 Rc8 16. Qb4 Rfd8 17. Rfd1 a5 18. Qxa5 Nxe4 19. Nxe4 Bxe4 20. Nxe5 d5 21. Nd3 Ra8 22. Qb4 Rxa2 23. Re2 Qg5+ 24. f4 Qh5 25. Qe1 f6 26. Nc5 Rc8 27. Nxe4 dxe4 28. Kb1 Ra6 29. Rxe4 Rca8 30. c3 Qf7 31. Qe2 Rc6 32. Re1 Rcc8 33. Re6 Qd7 34. Re7 Qa4 35. Qe6+ Kh8 36. Qf7 Qa1+ 37. Kc2 Qa4+ 38. Kb1 Qa1+ 39. Kc2 Qa4+ 40. Kb1 1/2-1/2

[Event "AUS-ch Major"]
[Site "Parramatta"]
[Date "2008.01.09"]
[Round "9"]
[White "Oliver, Shannon"]
[Black "Stokes, Mark"]
[Result "1-0"]
[WhiteElo "1798"]
[BlackElo "1647"]
[PlyCount "85"]
[EventDate "2008.01.02"]
[EventType "swiss"]
[EventRounds "11"]
[EventCountry "AUS"]
[SourceTitle "EXT 2010"]
[Source "ChessBase"]
[SourceDate "2010.11.25"]
[SourceVersion "1"]
[SourceVersionDate "2010.11.25"]
[SourceQuality "1"]

1. e4 c5 2. Nf3 Nc6 3. d4 cxd4 4. Nxd4 e5 5. Nb5 a6 6. N5c3 Nf6 7. Bg5 Be7 8. Bxf6 Bxf6 9. Nd5 0-0 10. Nbc3 Bg5 11. Bd3 b5 12. a3 Bb7 13. g3 Ne7 14. h4 Bh6 15. Qh5 f5 16. Rg1 Nxd5 17. Nxd5 Bxd5 18. exd5 e4 19. Be2 Qf6 20. c3 f4 21. g4 g5 22. Rh1 Rf7 23. Bd1 Rc8 24. Rc1 e3 25. Bc2 Re8 26. f3 Re5 27. hxg5 Bxg5 28. Bxh7+ Kf8 29. Be4 Ke7 30. Qh8 Qxh8 31. Rxh8 Rf6 32. Ke2 Rh6 33. Rh1 Rxh1 34. Rxh1 Kd6 35. Rh8 Kc5 36. b3 Re7 37. Rc8+ Kb6 38. c4 bxc4 39. bxc4 Rf7 40. c5+ Kb7 41. Rg8 Bf6 42. d6+ Ka7 43. Ra8# 1-0

[Event "AUS-ch Major"]
[Site "Parramatta"]
[Date "2008.01.03"]
[Round "3"]
[White "Oliver, Shannon"]
[Black "Ninchich, Milan"]
[Result "1-0"]
[WhiteElo "1798"]
[BlackElo "1636"]
[PlyCount "61"]
[EventDate "2008.01.02"]
[EventType "swiss"]
[EventRounds "11"]
[EventCountry "AUS"]
[SourceTitle "EXT 2010"]
[Source "ChessBase"]
[SourceDate "2010.11.25"]
[SourceVersion "1"]
[SourceVersionDate "2010.11.25"]
[SourceQuality "1"]

1. e4 c5 2. Nf3 d6 3. d4 cxd4 4. Nxd4 Nf6 5. Nc3 a6 6. Bc4 Qc7 7. Bb3 Nc6 8. 0-0 g6 9. Kh1 Bg7 10. Nxc6 bxc6 11. f4 Rb8 12. Qe1 Ng4 13. h3 Nh6 14. Qh4 f5 15. Bd2 Nf7 16. Rae1 Bf6 17. Qf2 a5 18. Rg1 Kf8 19. exf5 Bxf5 20. g4 Bd7 21. g5 Bg7 22. Qe3 Bf5 23. Be6 Rxb2 24. Bxf5 gxf5 25. g6 hxg6 26. Rxg6 e5 27. Qg3 Nh6 28. fxe5 Ng4 29. exd6 Qd8 30. Rf1 Qd7 31. Qxg4 1-0

[Event "Commonwealth-ch"]
[Site "New Delhi"]
[Date "2007.12.05"]
[Round "4"]
[White "Mehta, Praful"]
[Black "Oliver, Shannon"]
[Result "1-0"]
[WhiteElo "2207"]
[BlackElo "1940"]
[PlyCount "69"]
[EventDate "2007.12.03"]
[EventType "swiss"]
[EventRounds "10"]
[EventCountry "IND"]
[SourceTitle "CBM 121 Extra"]
[Source "ChessBase"]
[SourceDate "2008.01.10"]
[SourceVersion "1"]
[SourceVersionDate "2008.01.10"]
[SourceQuality "1"]

1. e4 c5 2. Nc3 Nc6 3. g3 g6 4. Bg2 Bg7 5. d3 e6 6. Be3 d6 7. Qd2 Rb8 8. Nf3 b5 9. d4 Qb6 10. e5 dxe5 11. dxc5 Qc7 12. Ne4 b4 13. Qd6 Qxd6 14. Nxd6+ Ke7 15. Nxf7 Kxf7 16. Ng5+ Ke7 17. Bxc6 Nf6 18. Ne4 Nd5 19. Bg5+ Kf8 20. Nd6 h6 21. Be3 Ke7 22. 0-0-0 Nxe3 23. fxe3 Ba6 24. Be4 g5 25. Bd3 Bb7 26. Rhf1 Rhf8 27. Rxf8 Kxf8 28. Rf1+ Kg8 29. Bc4 Bd5 30. Bxd5 exd5 31. c6 Bf8 32. Rxf8+ Kxf8 33. c7 Ra8 34. c8Q+ Rxc8 35. Nxc8 1-0

[Event "Canberra ANU op"]
[Site "Canberra"]
[Date "2007.07.30"]
[Round "7"]
[White "Oliver, Shannon"]
[Black "Jones, Brian"]
[Result "0-1"]
[WhiteElo "1789"]
[BlackElo "2062"]
[PlyCount "94"]
[EventDate "2007.07.28"]
[EventType "swiss"]
[EventRounds "7"]
[EventCountry "AUS"]
[SourceTitle "EXT 2010"]
[Source "ChessBase"]
[SourceDate "2010.11.25"]
[SourceVersion "1"]
[SourceVersionDate "2010.11.25"]
[SourceQuality "1"]

1. e4 c5 2. Nf3 Nc6 3. d4 cxd4 4. Nxd4 Nf6 5. Nc3 e5 6. Ndb5 d6 7. Bg5 a6 8. Na3 b5 9. Nd5 Be7 10. Bxf6 Bxf6 11. Nxf6+ Qxf6 12. c3 0-0 13. Bd3 Qg6 14. Qf3 Bg4 15. Qg3 Rab8 16. f3 Be6 17. Qxg6 hxg6 18. Nc2 f5 19. 0-0 a5 20. Rfd1 Kf7 21. b3 Ke7 22. Rd2 Rfc8 23. exf5 gxf5 24. Ne3 g6 25. Be2 b4 26. cxb4 axb4 27. Bc4 Nd4 28. Nc2 Nxc2 29. Rxc2 d5 30. Bd3 e4 31. fxe4 fxe4 32. Rxc8 Rxc8 33. Bb5 Rc5 34. Ba4 e3 35. a3 bxa3 36. Kf1 d4 37. Ke2 Rc2+ 38. Kd3 Rd2+ 39. Ke4 a2 40. h3 Bf5+ 41. Kf3 Bb1 42. Bb5 Rf2+ 43. Kg3 Kd6 44. b4 Rb2 45. Bc4 Ke5 46. h4 d3 47. Kf3 Kd4 0-1

[Event "Canberra ANU op"]
[Site "Canberra"]
[Date "2007.07.28"]
[Round "1"]
[White "Oliver, Shannon"]
[Black "Caoili, Arianne"]
[Result "0-1"]
[WhiteElo "1789"]
[BlackElo "2144"]
[PlyCount "52"]
[EventDate "2007.07.28"]
[EventType "swiss"]
[EventRounds "7"]
[EventCountry "AUS"]
[SourceTitle "EXT 2010"]
[Source "ChessBase"]
[SourceDate "2010.11.25"]
[SourceVersion "1"]
[SourceVersionDate "2010.11.25"]
[SourceQuality "1"]

1. e4 c5 2. Nf3 e6 3. d4 cxd4 4. Nxd4 a6 5. Bd3 Bc5 6. Nb3 Be7 7. 0-0 Qc7 8. c3 Nf6 9. Be3 0-0 10. N1d2 d5 11. Qf3 Nc6 12. Bf4 e5 13. Bg3 Bg4 14. Qe3 dxe4 15. Nxe4 Nd5 16. Qd2 Rad8 17. h3 Bc8 18. Qc2 f5 19. Ned2 b5 20. a4 Qb6 21. axb5 axb5 22. Rae1 e4 23. Be2 f4 24. Bh2 f3 25. Bd1 fxg2 26. Kxg2 e3 0-1

[Event "IRL-chT Clubs"]
[Site "Dublin"]
[Date "2007.06.17"]
[Round "3"]
[White "Oliver, Shannon"]
[Black "Keogh, Eamon"]
[Result "0-1"]
[WhiteElo "1929"]
[BlackElo "2074"]
[PlyCount "110"]
[EventDate "2007.06.16"]
[EventType "team"]
[EventRounds "3"]
[EventCountry "IRL"]
[SourceTitle "EXT 2010"]
[Source "ChessBase"]
[SourceDate "2010.11.25"]
[SourceVersion "1"]
[SourceVersionDate "2010.11.25"]
[SourceQuality "1"]

1. e4 e5 2. Nf3 d6 3. d4 exd4 4. Nxd4 Nf6 5. Nc3 Be7 6. Bc4 Bd7 7. 0-0 Nc6 8. Be3 a6 9. a4 0-0 10. f3 Rb8 11. Nde2 Ne5 12. Bb3 b5 13. axb5 axb5 14. Nf4 Nc4 15. Bc1 c6 16. Qd4 Na5 17. Ba2 b4 18. Nce2 b3 19. cxb3 Nxb3 20. Bxb3 Rxb3 21. Ra3 Qb8 22. Rxb3 Qxb3 23. Bd2 c5 24. Qc3 Qb5 25. Ng3 Rb8 26. Bc1 Bd8 27. e5 Ba5 28. Qd3 dxe5 29. Qxb5 Bxb5 30. Nfe2 Bd3 31. Rd1 c4 32. Nc3 Bb6+ 33. Kh1 Ra8 34. Nge2 h6 35. Bd2 e4 36. fxe4 Ng4 37. Be1 Re8 38. Ng3 Nf2+ 39. Bxf2 Bxf2 40. Ra1 g6 41. Ra4 Rb8 42. Ra2 Bd4 43. Nd1 h5 44. h4 Be5 45. Kh2 Be2 46. Nc3 Bg4 47. Nd5 Rxb2 48. Rxb2 Bxb2 49. Nf1 Be5+ 50. g3 c3 51. Nb4 Bf3 52. Ne3 Bxe4 53. Nbc2 Bd6 54. Ne1 Bc5 55. N3c2 Bf2 0-1

[Event "BCF-chT 0607 (4NCL)"]
[Site "Sunningdale"]
[Date "2007.05.05"]
[Round "9.8"]
[White "Oliver, Shannon"]
[Black "Alexieva, Silvia"]
[Result "0-1"]
[WhiteElo "1925"]
[BlackElo "2401"]
[PlyCount "72"]
[EventDate "2006.09.16"]
[EventType "team"]
[EventRounds "11"]
[EventCountry "ENG"]
[SourceTitle "EXT 2008"]
[Source "ChessBase"]
[SourceDate "2007.11.25"]
[SourceVersion "1"]
[SourceVersionDate "2007.11.25"]
[SourceQuality "1"]
[WhiteTeam "Slough Sharks"]
[BlackTeam "Guildford"]
[WhiteTeamCountry "ENG"]
[BlackTeamCountry "ENG"]

1. e4 c5 2. Nf3 e6 3. d4 cxd4 4. Nxd4 a6 5. Nc3 Qc7 6. Bd3 Nc6 7. Nf3 Nf6 8. 0-0 Be7 9. Qe2 Ng4 10. Be3 b5 11. a4 b4 12. Nb1 0-0 13. Nbd2 Bb7 14. Nc4 Nxe3 15. Qxe3 d5 16. exd5 exd5 17. Nce5 Bf6 18. Nxc6 Qxc6 19. Ng5 g6 20. Rab1 Qxa4 21. h4 b3 22. cxb3 Qxh4 23. Nf3 Qb4 24. Bc2 Rac8 25. Bd1 Rfe8 26. Qh6 Bg7 27. Qh3 a5 28. Kh2 d4 29. Qg4 Rc5 30. g3 h5 31. Qd7 Bc6 32. Qh3 d3 33. Ng1 Bf6 34. Bf3 Bb5 35. Qg2 d2 36. Rfd1 Re1 0-1

[Event "San Sebastian op 30th"]
[Site "San Sebastian"]
[Date "2007.04.06"]
[Round "7"]
[White "Oliver, Shannon"]
[Black "Heikkila, Antti"]
[Result "0-1"]
[WhiteElo "1925"]
[BlackElo "2070"]
[PlyCount "90"]
[EventDate "2007.04.01"]
[EventType "swiss"]
[EventRounds "9"]
[EventCountry "ESP"]
[SourceTitle "CBM 117 Extra"]
[Source "ChessBase"]
[SourceDate "2007.05.09"]
[SourceVersion "1"]
[SourceVersionDate "2007.05.09"]
[SourceQuality "1"]

1. e4 c5 2. Nf3 Nc6 3. d4 cxd4 4. Nxd4 g6 5. c4 Bg7 6. Be3 Nf6 7. Nc3 Ng4 8. Qxg4 Nxd4 9. Qd1 Ne6 10. Qd2 0-0 11. Bh6 Bxh6 12. Qxh6 f5 13. 0-0-0 b6 14. h4 Bb7 15. Bd3 Rc8 16. exf5 gxf5 17. Qh5 Qe8 18. Qxe8 Rcxe8 19. Rhg1 Rc8 20. b3 Nc5 21. Bf1 d6 22. Nd5 Bxd5 23. Rxd5 Ne4 24. f3 Nc3 25. Rd2 b5 26. Kb2 b4 27. Bd3 Rc5 28. Re1 Re5 29. Rxe5 dxe5 30. Bc2 e4 31. Rd7 Kf7 32. a3 a5 33. Rd4 e3 34. Kc1 bxa3 35. Bd1 a2 36. Kb2 Nxd1+ 37. Rxd1 Rd8 38. Rxd8 e2 39. Kxa2 e1Q 40. Rd5 h6 41. c5 Qxh4 42. c6 Qf2+ 43. Ka3 Qb6 44. Rxf5+ Ke8 45. Rh5 Qxc6 0-1

[Event "San Sebastian op 30th"]
[Site "San Sebastian"]
[Date "2007.04.05"]
[Round "6"]
[White "Izagirre Alsua, Aritz"]
[Black "Oliver, Shannon"]
[Result "1/2-1/2"]
[WhiteElo "1709"]
[BlackElo "1925"]
[PlyCount "111"]
[EventDate "2007.04.01"]
[EventType "swiss"]
[EventRounds "9"]
[EventCountry "ESP"]
[SourceTitle "CBM 117 Extra"]
[Source "ChessBase"]
[SourceDate "2007.05.09"]
[SourceVersion "1"]
[SourceVersionDate "2007.05.09"]
[SourceQuality "1"]

1. e4 c5 2. Nc3 Nc6 3. Nf3 g6 4. Bc4 Bg7 5. 0-0 e6 6. Re1 d6 7. Bf1 Nge7 8. Ne2 0-0 9. c3 d5 10. exd5 Nxd5 11. d4 cxd4 12. Nexd4 Nxd4 13. Nxd4 b6 14. Be2 Bb7 15. Bf3 Qc7 16. Bg5 a6 17. Qe2 e5 18. Nc2 f5 19. Bxd5+ Bxd5 20. Bd2 Bb7 21. Rad1 Rae8 22. Bc1 Qc6 23. Qf1 a5 24. c4 f4 25. Na3 Rf5 26. f3 Rh5 27. Nb5 Bf8 28. Nc3 Bc5+ 29. Kh1 Qf6 30. h3 Qf8 31. Ne4 Be7 32. b3 Qh6 33. Rd7 Bc8 34. Rxe7 Rxe7 35. Nf6+ Kf7 36. Nxh5 Qxh5 37. Bb2 Qf5 38. Qe2 Qh5 39. Kg1 Qg5 40. Kf1 Kf6 41. Qf2 Re6 42. Qd2 Ke7 43. Qd5 Ke8 44. Rxe5 Rxe5 45. Qxe5+ Qxe5 46. Bxe5 Bf5 47. Bc7 Bb1 48. Bxb6 Bxa2 49. Bxa5 Bxb3 50. c5 Kd7 51. Kf2 Be6 52. h4 h5 53. g3 fxg3+ 54. Kxg3 Bf5 55. Kf4 Kc6 56. Bb6 1/2-1/2

[Event "San Sebastian op 30th"]
[Site "San Sebastian"]
[Date "2007.04.05"]
[Round "5"]
[White "Oliver, Shannon"]
[Black "Wannebroucq, Sebastien"]
[Result "1/2-1/2"]
[WhiteElo "1925"]
[BlackElo "2146"]
[PlyCount "41"]
[EventDate "2007.04.01"]
[EventType "swiss"]
[EventRounds "9"]
[EventCountry "ESP"]
[SourceTitle "CBM 117 Extra"]
[Source "ChessBase"]
[SourceDate "2007.05.09"]
[SourceVersion "1"]
[SourceVersionDate "2007.05.09"]
[SourceQuality "1"]

1. e4 g6 2. d4 Bg7 3. Nc3 d6 4. Bc4 Nf6 5. Be3 a6 6. f3 b5 7. Bb3 Nbd7 8. Nge2 Bb7 9. Qd2 c6 10. Bh6 Bxh6 11. Qxh6 e6 12. 0-0-0 Qe7 13. Rhe1 0-0-0 14. Qe3 Kb8 15. e5 dxe5 16. dxe5 Nd5 17. Nxd5 cxd5 18. c3 b4 19. Kb1 bxc3 20. bxc3 Qa3 21. Nd4 1/2-1/2